| 000 | 00345nam a22001457a 4500 | ||
|---|---|---|---|
| 008 | 221201b ||||| |||| 00| 0 eng d | ||
| 020 | _a9780135142059 | ||
| 041 | _aeng | ||
| 080 |
_2THIRD EDITION _a616.31 |
||
| 082 | _a616.31NAT | ||
| 100 | _a12 | ||
| 101 | _aSTOMA | ||
| 245 |
_aDENTAL PUBLIC HEALTH RESEARCH _cNATHE N C |
||
| 942 |
_2udc _cBK |
||
| 999 |
_c59065 _d59065 |
||